[Event "Bundesliga 2018-19"]
[Site "Berlin GER"]
[Date "2019.03.02"]
[Round "10"]
[White "Fedoseev, Vladimir3"]
[Black "Aronian, Levon"]
[Result "1/2-1/2"]
[WhiteElo "2714"]
[BlackElo "2765"]
[PlyCount "42"]
[EventDate "2018.11.24"]
[EventType "team"]
[WhiteTeam "SV 1930 Hockenheim"]
[BlackTeam "OSG Baden-Baden"]

1. d4 Nf6 2. c4 e6 3. Nf3 d5 4. g3 Be7 5. Bg2 O-O 6. O-O dxc4 7. Qc2 a6 8. a4
Bd7 9. Qxc4 Bc6 10. Bf4 Bd6 11. Qc1 Bd5 12. Nc3 Nc6 13. Rd1 Nb4 14. Bg5 Be7 15.
Nxd5 exd5 16. a5 Nc6 17. Ne5 Na7 18. Nd3 Nb5 19. Ra4 c6 20. Qc2 Re8 21. Bc1 Rc8
1/2-1/2

[Event "Bundesliga 2018-19"]
[Site "Berlin GER"]
[Date "2019.03.02"]
[Round "10"]
[White "Svidler, Peter"]
[Black "Tomashevsky, Evgeny"]
[Result "1/2-1/2"]
[WhiteElo "2736"]
[BlackElo "2705"]
[PlyCount "41"]
[EventDate "2018.11.24"]
[EventType "team"]
[WhiteTeam "OSG Baden-Baden"]
[BlackTeam "SV 1930 Hockenheim"]

1. c4 Nf6 2. Nc3 e5 3. g3 Bb4 4. e4 Bxc3 5. dxc3 d6 6. f3 a5 7. Nh3 Na6 8. Nf2
Nc5 9. Be2 Qe7 10. Qc2 O-O 11. Nd1 Be6 12. Ne3 c6 13. O-O d5 14. cxd5 cxd5 15.
exd5 Nxd5 16. Nxd5 Bxd5 17. Be3 e4 18. Bd4 Ne6 19. Be3 Nc5 20. Bd4 Ne6 21. Be3
1/2-1/2

[Event "Bundesliga 2018-19"]
[Site "Berlin GER"]
[Date "2019.03.02"]
[Round "10"]
[White "Saric, Ivan"]
[Black "Wojtaszek, Radoslaw"]
[Result "1/2-1/2"]
[WhiteElo "2692"]
[BlackElo "2749"]
[PlyCount "62"]
[EventDate "2018.11.24"]
[EventType "team"]
[WhiteTeam "SV 1930 Hockenheim"]
[BlackTeam "OSG Baden-Baden"]

1. e4 c5 2. Nf3 d6 3. d4 cxd4 4. Nxd4 Nf6 5. Nc3 a6 6. Be3 Ng4 7. Bc1 Nf6 8. f3
e6 9. Be3 b5 10. a3 h5 11. Be2 Nbd7 12. O-O Bb7 13. Qe1 Be7 14. a4 b4 15. Na2
a5 16. c3 bxc3 17. Nxc3 O-O 18. Qg3 d5 19. Rad1 h4 20. Qh3 Bc5 21. Kh1 e5 22.
Nf5 Bxe3 23. Nxe3 d4 24. Nf5 dxc3 25. Qxh4 Ba6 26. Bxa6 Rxa6 27. bxc3 g6 28.
Nh6+ Kg7 29. Nf5+ Kg8 30. Nh6+ Kg7 31. Nf5+ Kg8 1/2-1/2

[Event "Bundesliga 2018-19"]
[Site "Berlin GER"]
[Date "2019.03.02"]
[Round "10"]
[White "Rapport, Richard"]
[Black "Ponomariov, Ruslan"]
[Result "1/2-1/2"]
[WhiteElo "2726"]
[BlackElo "2663"]
[PlyCount "98"]
[EventDate "2018.11.24"]
[EventType "team"]
[WhiteTeam "OSG Baden-Baden"]
[BlackTeam "SV 1930 Hockenheim"]

1. c4 c5 2. Nf3 Nc6 3. d4 cxd4 4. Nxd4 Nf6 5. Nc3 g6 6. e4 d6 7. Be2 Bg7 8. Be3
O-O 9. O-O Bd7 10. Qd2 Nxd4 11. Bxd4 Bc6 12. Bd3 a5 13. Rfe1 Ng4 14. Be2 e5 15.
Be3 Nxe3 16. Qxe3 Bf6 17. Red1 Bg5 18. Qg3 Bf4 19. Qd3 Qb6 20. Rab1 Rfd8 21.
Nd5 Bxd5 22. Qxd5 Bg5 23. g3 Be7 24. Rd3 Qc6 25. Bg4 Kg7 26. Rbd1 h5 27. Bh3 a4
28. Rf3 Rf8 29. c5 Rad8 30. Qxc6 bxc6 31. cxd6 Rxd6 32. Rxd6 Bxd6 33. Rc3 c5
34. Bd7 Rb8 35. Rd3 Be7 36. Bxa4 Rxb2 37. Bb3 Re2 38. Rd7 Kf8 39. Bd5 c4 40.
Bxc4 Rxe4 41. Rc7 h4 42. Kg2 hxg3 43. hxg3 f5 44. a4 Bd8 45. Rf7+ Ke8 46. Be6
Rxa4 47. Rg7 Ra6 48. Rxg6 Ke7 49. Bxf5 Rxg6 1/2-1/2

[Event "Bundesliga 2018-19"]
[Site "Berlin GER"]
[Date "2019.03.02"]
[Round "10"]
[White "Howell, David W L"]
[Black "Naiditsch, Arkadij"]
[Result "1/2-1/2"]
[WhiteElo "2697"]
[BlackElo "2736"]
[PlyCount "272"]
[EventDate "2018.11.24"]
[EventType "team"]
[WhiteTeam "SV 1930 Hockenheim"]
[BlackTeam "OSG Baden-Baden"]

1. Nf3 d5 2. g3 g6 3. Bg2 Bg7 4. d4 Nf6 5. O-O O-O 6. c4 dxc4 7. Na3 c3 8. bxc3
c5 9. Re1 Nc6 10. Bb2 cxd4 11. cxd4 Ne4 12. Qc2 Nd6 13. Ne5 Be6 14. e3 Nb4 15.
Qd2 a5 16. Bc3 Nd5 17. Bb2 f5 18. Qe2 Nb4 19. Nc2 Bxe5 20. Nxb4 axb4 21. dxe5
Ne4 22. Qb5 Qd2 23. Re2 Ra5 24. Rxd2 Rxb5 25. Rd4 Rc8 26. Bf1 Rb6 27. Bd3 Nc3
28. a4 b3 29. a5 Rbc6 30. Rb4 Bd5 31. Kf1 Na2 32. Rb5 Rc5 33. Rxc5 Rxc5 34. Ke2
Nb4 35. Bb1 Nc2 36. Ra4 Bc6 37. Rh4 Rxa5 38. Kd2 Be4 39. Kc3 Rc5+ 40. Kxb3 Bd5+
41. Ka4 b5+ 42. Ka5 b4+ 43. Kb6 Rc6+ 44. Kb5 b3 45. Ra4 Rc8 46. Ra5 Kf7 47. Ka4
Be6 48. Ra7 Rc4+ 49. Kb5 g5 50. Kb6 Rb4+ 51. Kc5 Rb8 52. Rc7 Nb4 53. Ra7 Nd5
54. e4 Rc8+ 55. Kd4 Nb4 56. Ke3 Nc2+ 57. Bxc2 bxc2 58. Kd2 fxe4 59. Ba3 Bf5 60.
Rxe7+ Kg6 61. Ra7 Rc4 62. Ra6+ Kh5 63. Rd6 Ra4 64. Bb2 Kg4 65. e6 Ra7 66. Bf6
Rc7 67. Kc1 Rb7 68. Bb2 h5 69. Rc6 Kh3 70. Rc5 Bxe6 71. Kxc2 Kxh2 72. Rxg5 Bg4
73. Bd4 Kg2 74. Re5 Bf3 75. Kc3 Rb1 76. Ra5 Rc1+ 77. Kb3 Bd1+ 78. Kb4 Rc2 79.
Rg5 Rd2 80. Be3 Rd3 81. Kc4 Be2 82. Kc5 Bg4 83. Bd4 Rd2 84. Kd5 Bf3 85. Ke5
Rxf2 86. Rxh5 e3 87. Bxe3 Re2 88. Rg5 Rxe3+ 89. Kf5 Ra3 90. Rg7 Ra5+ 91. Kf4
Ra4+ 92. Kf5 Kh3 93. Ke5 Bg4 94. Rb7 Kxg3 95. Rb3+ Bf3 96. Rb8 Re4+ 97. Kf5 Rd4
98. Rb3 Ra4 99. Rb5 Rh4 100. Re5 Bg4+ 101. Ke4 Rh2 102. Ke3 Ra2 103. Ke4 Kf2
104. Rc5 Bf3+ 105. Ke5 Kg3 106. Rc7 Ra5+ 107. Kd4 Kf2 108. Rc5 Ra8 109. Rc2+
Be2 110. Rc3 Ra4+ 111. Ke5 Ba6 112. Rh3 Ke2 113. Rh8 Bb7 114. Rb8 Be4 115. Kd6
Kd3 116. Rd8 Ra5 117. Ke6+ Ke3 118. Rd1 Bd3 119. Re1+ Kd4 120. Kf6 Ra6+ 121.
Re6 Ra1 122. Rd6+ Ke4 123. Ke7 Bc4 124. Rh6 Ra7+ 125. Kf6 Rf7+ 126. Kg6 Rf4
127. Rh1 Bf7+ 128. Kg5 Rf5+ 129. Kg4 Ke5 130. Re1+ Kf6 131. Re3 Bh5+ 132. Kg3
Kg5 133. Ra3 Bg4 134. Rb3 Ra5 135. Rc3 Bf5 136. Kf3 Ra8 1/2-1/2

[Event "Bundesliga 2018-19"]
[Site "Berlin GER"]
[Date "2019.03.02"]
[Round "10"]
[White "Leko, Peter"]
[Black "Mamedyarov, Shakhriyar"]
[Result "1/2-1/2"]
[WhiteElo "2679"]
[BlackElo "2817"]
[PlyCount "44"]
[EventDate "2018.11.24"]
[EventType "team"]
[WhiteTeam "SF Deizisau"]
[BlackTeam "SC Viernheim"]

1. d4 Nf6 2. c4 g6 3. g3 c6 4. Bg2 d5 5. cxd5 cxd5 6. Nf3 Bg7 7. Ne5 O-O 8. Nc3
Bf5 9. O-O Ne4 10. Bf4 Nxc3 11. bxc3 Nc6 12. Nxc6 bxc6 13. Qa4 Qd7 14. Rac1
Rac8 15. Rfd1 Rfd8 16. c4 Be4 17. f3 Bf5 18. cxd5 cxd5 19. Qxd7 Bxd7 20. Bc7
Re8 21. e3 Bb5 22. Bf1 a6 1/2-1/2

[Event "Bundesliga 2018-19"]
[Site "Berlin GER"]
[Date "2019.03.02"]
[Round "10"]
[White "Amin, Bassem"]
[Black "Meier, Georg"]
[Result "1/2-1/2"]
[WhiteElo "2709"]
[BlackElo "2622"]
[PlyCount "106"]
[EventDate "2018.11.24"]
[EventType "team"]
[WhiteTeam "SC Viernheim"]
[BlackTeam "SF Deizisau"]

1. e4 e6 2. Qe2 Be7 3. Nf3 d5 4. d3 Nf6 5. g3 b5 6. e5 Nfd7 7. h4 c5 8. Bh3 Nc6
9. O-O h6 10. Re1 b4 11. h5 a5 12. Bf4 a4 13. c4 Nb6 14. Nbd2 Bb7 15. Rac1 Qd7
16. Bg2 Rd8 17. Be3 O-O 18. cxd5 Qxd5 19. Nc4 Nxc4 20. dxc4 Qe4 21. Qc2 Qxc2
22. Rxc2 Ba6 23. b3 Rd7 24. Bf4 Rfd8 25. Rd2 Na5 26. Rxd7 Rxd7 27. Nd2 Bg5 28.
Bxg5 hxg5 29. Re2 axb3 30. axb3 g4 31. Be4 Rd8 32. Kg2 f5 33. exf6 gxf6 34. Bg6
Bb7+ 35. Kf1 Kg7 36. Ke1 Rd6 37. Be4 f5 38. Bxb7 Nxb7 39. f3 gxf3 40. Nxf3 Kh6
41. Ne5 Ra6 42. Nd3 Kxh5 43. Nf4+ Kg4 44. Kf2 Nd6 45. Nxe6 Ne4+ 46. Rxe4+ fxe4
47. Nxc5 Ra3 48. Ke3 Kf5 49. Kd4 Ra1 50. g4+ Kf4 51. Ne6+ Kf3 52. Ng5+ Kf4 53.
Ne6+ Kf3 1/2-1/2

[Event "Bundesliga 2018-19"]
[Site "Berlin GER"]
[Date "2019.03.02"]
[Round "10"]
[White "Navara, David"]
[Black "Salgado Lopez, Ivan"]
[Result "1-0"]
[WhiteElo "2733"]
[BlackElo "2624"]
[PlyCount "47"]
[EventDate "2018.11.24"]
[EventType "team"]
[WhiteTeam "SV Muelheim Nord"]
[BlackTeam "SG Turm Kiel"]

1. e4 e5 2. Nf3 Nc6 3. Bb5 g6 4. c3 a6 5. Ba4 Bg7 6. d4 exd4 7. cxd4 b5 8. Bc2
d6 9. d5 Na5 10. O-O Ne7 11. Bd2 Bxb2 12. Bxa5 Bxa1 13. Nc3 Bb2 14. e5 O-O 15.
Ne4 Bb7 16. Bb3 Bxe5 17. Nxe5 dxe5 18. Bc3 Nf5 19. Bxe5 f6 20. Bxc7 Qc8 21. Qa1
Kg7 22. Rc1 Qe8 23. Nxf6 Rxf6 24. Be5 1-0

[Event "Bundesliga 2018-19"]
[Site "Berlin GER"]
[Date "2019.03.03"]
[Round "11"]
[White "Mamedyarov, Shakhriyar"]
[Black "Caruana, Fabiano"]
[Result "1/2-1/2"]
[WhiteElo "2817"]
[BlackElo "2832"]
[PlyCount "61"]
[EventDate "2018.11.24"]
[EventType "team"]
[WhiteTeam "SC Viernheim"]
[BlackTeam "OSG Baden-Baden"]

1. d4 Nf6 2. c4 e6 3. Nf3 d5 4. Nc3 dxc4 5. e4 Bb4 6. Bxc4 Nxe4 7. O-O Nf6 8.
Qa4+ Nc6 9. Ne5 Rb8 10. d5 exd5 11. Nxd5 Nxd5 12. Nxc6 bxc6 13. Qxc6+ Qd7 14.
Qxd5 O-O 15. Qxd7 Bxd7 16. Rd1 Bg4 17. f3 Bc5+ 18. Kf1 Be6 19. Bxe6 fxe6 20. b3
Bd6 21. h3 Rf5 22. Bd2 Rd5 23. Be1 Bf4 24. g3 Bd6 25. f4 h5 26. h4 Kf7 27. Ke2
Rbb5 28. Kf3 Rf5 29. Rac1 e5 30. Rc4 exf4 31. gxf4 1/2-1/2

[Event "Bundesliga 2018-19"]
[Site "Berlin GER"]
[Date "2019.03.03"]
[Round "11"]
[White "Vachier-Lagrave, Maxime"]
[Black "Kryvoruchko, Yuriy"]
[Result "1/2-1/2"]
[WhiteElo "2778"]
[BlackElo "2698"]
[PlyCount "66"]
[EventDate "2018.11.24"]
[EventType "team"]
[WhiteTeam "OSG Baden-Baden"]
[BlackTeam "SC Viernheim"]

1. Nf3 d5 2. g3 Nf6 3. Bg2 e6 4. O-O Be7 5. d3 O-O 6. Nbd2 Nc6 7. b3 a5 8. Bb2
a4 9. a3 axb3 10. cxb3 Nb8 11. e4 c5 12. exd5 exd5 13. d4 b6 14. Re1 Nc6 15.
Qc2 Bb7 16. dxc5 bxc5 17. Rad1 d4 18. Nc4 Re8 19. Ng5 Rc8 20. Qf5 h6 21. Ne4
Nxe4 22. Bxe4 g6 23. Qf3 Bf8 24. Bd5 Rxe1+ 25. Rxe1 Rc7 26. h4 Na5 27. Bxb7
Rxb7 28. Nxa5 Qxa5 29. b4 Qa7 30. h5 g5 31. Re8 Rb8 32. Rxb8 Qxb8 33. Qd3 Qe5
1/2-1/2

[Event "Bundesliga 2018-19"]
[Site "Berlin GER"]
[Date "2019.03.03"]
[Round "11"]
[White "Korobov, Anton"]
[Black "Anand, Viswanathan"]
[Result "1-0"]
[WhiteElo "2703"]
[BlackElo "2773"]
[PlyCount "53"]
[EventDate "2018.11.24"]
[EventType "team"]
[WhiteTeam "SC Viernheim"]
[BlackTeam "OSG Baden-Baden"]

1. d4 Nf6 2. c4 e6 3. Nf3 d5 4. Nc3 Be7 5. Bf4 O-O 6. a3 b6 7. e3 Bb7 8. cxd5
Nxd5 9. Nxd5 exd5 10. b4 Nd7 11. Bd3 Nf6 12. O-O Bd6 13. Qc2 Bxf4 14. exf4 Ne4
15. Rac1 Rc8 16. Ne5 g6 17. Rfe1 Re8 18. g3 Nd6 19. b5 Re7 20. f5 Qf8 21. f6
Re6 22. Bf1 Rxf6 23. Nd7 Qd8 24. Nxf6+ Qxf6 25. Bh3 Rd8 26. Qxc7 Ba8 27. a4 1-0

[Event "Bundesliga 2018-19"]
[Site "Berlin GER"]
[Date "2019.03.03"]
[Round "11"]
[White "Aronian, Levon"]
[Black "Amin, Bassem"]
[Result "1/2-1/2"]
[WhiteElo "2765"]
[BlackElo "2709"]
[PlyCount "81"]
[EventDate "2018.11.24"]
[EventType "team"]
[WhiteTeam "OSG Baden-Baden"]
[BlackTeam "SC Viernheim"]

1. e4 e5 2. Nf3 Nc6 3. d4 exd4 4. Nxd4 Nf6 5. Nxc6 bxc6 6. e5 Qe7 7. Qe2 Nd5 8.
c4 Ba6 9. b3 g6 10. g3 Bg7 11. Bb2 O-O 12. Bg2 Rae8 13. O-O Bxe5 14. Qxe5 Qxe5
15. Bxe5 Rxe5 16. cxd5 Bxf1 17. Kxf1 cxd5 18. Nc3 c6 19. Rd1 Rfe8 20. Bf3 Kf8
21. Ne2 Ke7 22. Rd4 Kd6 23. Ra4 Ra8 24. Nf4 Kc7 25. Nd3 Ree8 26. Ra6 Kb7 27.
Nc5+ Kc7 28. b4 Reb8 29. a3 Re8 30. Bd1 Reb8 31. Be2 f5 32. Ke1 Rf8 33. f4 Rfe8
34. Kd2 d6 35. Nb3 Reb8 36. Nd4 Rb6 37. Ra5 a6 38. Bd3 Kb7 39. Ne2 Kc7 40. Nc3
Rbb8 41. Bf1 1/2-1/2

[Event "Bundesliga 2018-19"]
[Site "Berlin GER"]
[Date "2019.03.03"]
[Round "11"]
[White "Maze, Sebastien"]
[Black "Rapport, Richard"]
[Result "1/2-1/2"]
[WhiteElo "2602"]
[BlackElo "2726"]
[PlyCount "93"]
[EventDate "2018.11.24"]
[EventType "team"]
[WhiteTeam "SC Viernheim"]
[BlackTeam "OSG Baden-Baden"]

1. e4 c5 2. Nf3 e6 3. d4 cxd4 4. Nxd4 Nc6 5. Nc3 Qc7 6. f4 Nxd4 7. Qxd4 b6 8.
Bd3 Bb7 9. Bd2 Nf6 10. Qf2 Bc6 11. O-O-O O-O-O 12. e5 Nd5 13. Ba6+ Kb8 14. Nb5
Bxb5 15. Bxb5 Bc5 16. Qf3 d6 17. exd6 Rxd6 18. Kb1 Rhd8 19. Bc1 g6 20. g3 Qb7
21. Qe2 a5 22. Rhe1 Ka7 23. Rd3 h5 24. Red1 Ne7 25. Rxd6 Rxd6 26. Rxd6 Bxd6 27.
Bd3 Bc5 28. Be4 Qd7 29. c3 Nd5 30. Bg2 Nc7 31. a3 Kb8 32. h3 a4 33. g4 hxg4 34.
hxg4 f5 35. Kc2 Ka7 36. g5 Qd6 37. Qc4 b5 38. Qe2 Kb6 39. Bd2 Nd5 40. Bf1 Qc6
41. Kb1 Bd6 42. Kc1 Bc7 43. Kc2 Ka6 44. Bg2 Ka7 45. Bf1 Ka6 46. Bg2 Ka7 47. Bf1
1/2-1/2

[Event "Bundesliga 2018-19"]
[Site "Berlin GER"]
[Date "2019.03.03"]
[Round "11"]
[White "Shankland, Samuel"]
[Black "Leko, Peter"]
[Result "1/2-1/2"]
[WhiteElo "2724"]
[BlackElo "2679"]
[PlyCount "63"]
[EventDate "2018.11.24"]
[EventType "team"]
[WhiteTeam "SV 1930 Hockenheim"]
[BlackTeam "SF Deizisau"]

1. d4 Nf6 2. c4 e6 3. Nf3 d5 4. Nc3 c5 5. cxd5 Nxd5 6. e4 Nxc3 7. bxc3 cxd4 8.
cxd4 Bb4+ 9. Bd2 Bxd2+ 10. Qxd2 O-O 11. Rc1 b6 12. Bd3 Bb7 13. O-O Nd7 14. Qe3
Nf6 15. Ne5 Qe7 16. Rc3 Rac8 17. Rfc1 Rxc3 18. Rxc3 Rd8 19. f3 Ne8 20. Bb5 Nd6
21. a4 f5 22. Bc6 fxe4 23. fxe4 Nf7 24. Qf4 Nxe5 25. Qxe5 Bxc6 26. Rxc6 Qf6 27.
Rd6 Rxd6 28. Qxd6 Kf7 29. h3 h5 30. Qc7+ Kf8 31. Qc4 h4 32. Qd3 1/2-1/2

[Event "Bundesliga 2018-19"]
[Site "Berlin GER"]
[Date "2019.03.03"]
[Round "11"]
[White "Kamsky, Gata"]
[Black "Vitiugov, Nikita"]
[Result "1/2-1/2"]
[WhiteElo "2666"]
[BlackElo "2709"]
[PlyCount "52"]
[EventDate "2018.11.24"]
[EventType "team"]
[WhiteTeam "SF Deizisau"]
[BlackTeam "SV 1930 Hockenheim"]

1. e4 c6 2. d4 d5 3. exd5 cxd5 4. Bd3 Nc6 5. c3 Qc7 6. Ne2 Bg4 7. O-O Nf6 8.
Qe1 Qc8 9. Ng3 h5 10. f3 Bd7 11. Bf4 h4 12. Ne2 Bf5 13. Bxf5 Qxf5 14. h3 e6 15.
Nd2 Be7 16. Bh2 Nd7 17. a4 a5 18. Kh1 Qc2 19. b3 Nb6 20. f4 Rh5 21. Rf3 Qh7 22.
Nc1 Nc8 23. Nd3 Nd6 24. Re3 Nf5 25. Rf3 Nd6 26. Re3 Nf5 1/2-1/2

[Event "Bundesliga 2018-19"]
[Site "Berlin GER"]
[Date "2019.03.03"]
[Round "11"]
[White "Tomashevsky, Evgeny"]
[Black "Nielsen, Peter Heine"]
[Result "1-0"]
[WhiteElo "2705"]
[BlackElo "2635"]
[PlyCount "87"]
[EventDate "2018.11.24"]
[EventType "team"]
[WhiteTeam "SV 1930 Hockenheim"]
[BlackTeam "SF Deizisau"]

1. Nf3 d5 2. g3 g6 3. Bg2 Bg7 4. d4 Nf6 5. O-O O-O 6. c3 c6 7. Bf4 Bf5 8. Nbd2
Nbd7 9. Qb3 Qb6 10. Rfe1 Rfe8 11. Rac1 Ne4 12. Nxe4 dxe4 13. Nd2 e5 14. dxe5
Bxe5 15. Bxe5 Rxe5 16. Nc4 Qxb3 17. axb3 Re7 18. Nd6 Nc5 19. b4 Nb3 20. Rcd1 a5
21. b5 cxb5 22. Nxf5 gxf5 23. Rd5 b4 24. cxb4 axb4 25. Rxf5 Rc8 26. Rb5 Rc4 27.
e3 Rec7 28. Bf1 Rc1 29. Rxc1 Rxc1 30. Kg2 Nd2 31. Be2 b3 32. Rxb7 Rc2 33. Bh5
f6 34. Bf7+ Kf8 35. Bxb3 Rxb2 36. Bd5 Rxb7 37. Bxb7 Kf7 38. Bc8 Kg6 39. g4 h5
40. Kg3 hxg4 41. Kxg4 Nf3 42. Bf5+ Kh6 43. Kg3 Nd2 44. Kf4 1-0

[Event "Bundesliga 2018-19"]
[Site "Berlin GER"]
[Date "2019.03.03"]
[Round "11"]
[White "Keymer, Vincent"]
[Black "Saric, Ivan"]
[Result "1/2-1/2"]
[WhiteElo "2502"]
[BlackElo "2692"]
[PlyCount "119"]
[EventDate "2018.11.24"]
[EventType "team"]
[WhiteTeam "SF Deizisau"]
[BlackTeam "SV 1930 Hockenheim"]

1. d4 Nf6 2. c4 e6 3. Nf3 d5 4. Nc3 c6 5. e3 Nbd7 6. Qc2 Bd6 7. Bd3 O-O 8. O-O
dxc4 9. Bxc4 b5 10. Be2 Bb7 11. a3 Re8 12. Rd1 Qb8 13. e4 e5 14. g3 a6 15. dxe5
Nxe5 16. Bg5 Nxf3+ 17. Bxf3 Be5 18. Rac1 h6 19. Be3 c5 20. Nd5 Nxd5 21. exd5 c4
22. b3 Rc8 23. bxc4 Rxc4 24. Qb3 Ra4 25. Bc5 Bd6 26. Qe3 Qf8 27. Bg2 Rd8 28. h4
Bc8 29. Re1 Bd7 30. Bxd6 Qxd6 31. Qe7 Qxe7 32. Rxe7 Kf8 33. Re3 Re8 34. Rc7
Rxe3 35. fxe3 Ke8 36. d6 Rxa3 37. Ra7 Rc3 38. Rxa6 Rc1+ 39. Kh2 f5 40. g4 fxg4
41. Bd5 Rc2+ 42. Kg3 Rc3 43. Kf4 g3 44. Ra8+ Rc8 45. Ra7 Rc3 46. Ra8+ Rc8 47.
Ra2 Rc5 48. e4 b4 49. Ra8+ Rc8 50. Rxc8+ Bxc8 51. Kxg3 g5 52. hxg5 hxg5 53. Kf3
Bh3 54. Kg3 Bc8 55. Bb3 Kd7 56. e5 Kc6 57. Kf3 Bf5 58. Ke3 Kd7 59. Ba4+ Kd8 60.
Bb3 1/2-1/2

[Event "Bundesliga 2018-19"]
[Site "Berlin GER"]
[Date "2019.03.03"]
[Round "11"]
[White "Grandelius, Nils"]
[Black "Navara, David"]
[Result "1/2-1/2"]
[WhiteElo "2678"]
[BlackElo "2733"]
[PlyCount "96"]
[EventDate "2018.11.24"]
[EventType "team"]
[WhiteTeam "Hamburger SK"]
[BlackTeam "SV Muelheim Nord"]

1. d4 Nf6 2. c4 e6 3. Nf3 b6 4. g3 Ba6 5. Qb3 Nc6 6. Nbd2 d5 7. Qa4 Bb7 8. cxd5
exd5 9. Bg2 Bd6 10. O-O O-O 11. Nb1 Ne4 12. Nc3 Nxc3 13. bxc3 Na5 14. Re1 c5
15. dxc5 Bxc5 16. Bg5 Qe8 17. Qxe8 Rfxe8 18. Rad1 Nc4 19. Bc1 Nd6 20. Nd4 Ne4
21. Bb2 Rac8 22. e3 Bxd4 23. Rxd4 Nxc3 24. Bxc3 Rxc3 25. Bxd5 Bxd5 26. Rxd5
Rec8 27. Red1 Rc1 28. Rd8+ Rxd8 29. Rxc1 g6 30. Rc7 a5 31. Rb7 Rd1+ 32. Kg2 Rb1
33. a4 Rb4 34. Kf3 f5 35. h3 h5 36. e4 Rxe4 37. Rxb6 Kg7 38. Rb7+ Kf6 39. Rb6+
Kg7 40. Rb7+ Kh6 41. Ra7 Rxa4 42. h4 Ra2 43. Kg2 a4 44. Kf3 Ra1 45. Kg2 Ra3 46.
Kh2 Ra1 47. Kg2 a3 48. Kf3 Ra2 1/2-1/2

[Event "Spring Chess Classic 2019"]
[Site "Saint Louis USA"]
[Date "2019.03.02"]
[Round "1"]
[White "Robson, Ray"]
[Black "Kasimdzhanov, Rustam"]
[Result "1-0"]
[WhiteElo "2667"]
[BlackElo "2663"]
[PlyCount "101"]
[EventDate "2019.03.02"]

1. e4 c5 2. Nf3 Nc6 3. d4 cxd4 4. Nxd4 Nf6 5. Nc3 e5 6. Ndb5 d6 7. Bg5 a6 8.
Na3 b5 9. Bxf6 gxf6 10. Nd5 f5 11. Bd3 Be6 12. O-O Bxd5 13. exd5 Ne7 14. Re1
Bg7 15. c3 O-O 16. Nc2 Re8 17. Qh5 e4 18. Bf1 Nxd5 19. Qxf5 Re5 20. Qh3 Qb6 21.
Rad1 Rae8 22. Rxe4 Rxe4 23. Rxd5 R4e5 24. Rd3 Qc5 25. Ne3 f5 26. b4 Qc8 27. f4
Rxe3 28. Rxe3 Rxe3 29. Qxe3 Bxc3 30. g3 Kf8 31. a3 Bb2 32. Qd2 Bxa3 33. Qxd6+
Kf7 34. Qd3 Bc1 35. Bg2 h5 36. h4 Kg7 37. Qd4+ Kg6 38. Qd6+ Kg7 39. Qe7+ Kh8
40. Qf6+ Kh7 41. Qe7+ Kh8 42. Qg5 Be3+ 43. Kh2 Qe6 44. Qxh5+ Kg7 45. Qg5+ Kh7
46. Bf1 Qe4 47. Bh3 Qc2+ 48. Bg2 Qd3 49. h5 Bd4 50. Qg6+ Kh8 51. Qh6+ 1-0

[Event "Spring Chess Classic 2019"]
[Site "Saint Louis USA"]
[Date "2019.03.02"]
[Round "1"]
[White "Nyzhnyk, Illya"]
[Black "Xiong, Jeffery"]
[Result "1/2-1/2"]
[WhiteElo "2638"]
[BlackElo "2663"]
[PlyCount "77"]
[EventDate "2019.03.02"]

1. c4 c5 2. Nf3 Nf6 3. b3 d5 4. cxd5 Nxd5 5. Bb2 Nc6 6. g3 f6 7. Bg2 e5 8. O-O
Be7 9. d3 O-O 10. Nbd2 Bg4 11. a3 Qd7 12. Re1 Rfd8 13. Rc1 Rac8 14. Qc2 Kh8 15.
Qb1 Bh3 16. Bh1 Nf4 17. Ne4 Ne6 18. Bc3 b5 19. Bd2 Ncd4 20. Nxd4 exd4 21. Ba5
Re8 22. Nd2 f5 23. Rc2 Bf6 24. Qd1 Bg4 25. Nf3 Qd6 26. Bd2 Bh5 27. Qc1 Rc7 28.
b4 Rec8 29. bxc5 Rxc5 30. Rxc5 Qxc5 31. Qb2 a6 32. Rc1 Qf8 33. Bb4 Qd8 34. Rxc8
Qxc8 35. Qa2 Qc1+ 36. Ne1 Nc7 37. Ba5 Ne8 38. Bb7 Bd8 39. Qd2 1/2-1/2

[Event "Spring Chess Classic 2019"]
[Site "Saint Louis USA"]
[Date "2019.03.02"]
[Round "1"]
[White "Ivanchuk, Vassily"]
[Black "Akobian, Varuzhan"]
[Result "0-1"]
[WhiteElo "2698"]
[BlackElo "2625"]
[PlyCount "116"]
[EventDate "2019.03.02"]

1. e4 e6 2. d4 d5 3. Nc3 Nf6 4. e5 Nfd7 5. f4 c5 6. Nf3 Nc6 7. Be3 a6 8. Ne2 b5
9. c3 b4 10. cxb4 cxd4 11. Nexd4 Bxb4+ 12. Bd2 Bxd2+ 13. Qxd2 Nxd4 14. Qxd4 Rb8
15. a3 a5 16. Rc1 a4 17. Be2 Ba6 18. Bxa6 Qa5+ 19. Kf2 Qxa6 20. Rc7 Qb5 21.
Rhc1 O-O 22. Kg3 h6 23. h3 Rfd8 24. R1c2 Nf8 25. Qe3 Rd7 26. Rc8 Rd8 27. R8c5
Qe8 28. Nd4 Rdc8 29. Qc3 Rxc5 30. Qxc5 Ng6 31. Qd6 Rb7 32. Kf3 Qa8 33. g3 Kh7
34. Kg2 Qa7 35. Rd2 Qa5 36. Re2 Ne7 37. g4 Ng6 38. Kg3 Rb6 39. Qd7 Qc5 40. Qxa4
Qc1 41. Nf3 Rxb2 42. Rxb2 Qxb2 43. Qb4 Qe2 44. a4 Qe3 45. Qd4 Qa3 46. Kf2 Qa2+
47. Kg3 Qa3 48. Kf2 Qa2+ 49. Kg3 Qa3 50. Qa7 Kg8 51. Qa8+ Kh7 52. Qe8 Qe3 53.
Qxf7 d4 54. g5 h5 55. Qxe6 h4+ 56. Kg4 Qxf4+ 57. Kh5 Qxf3+ 58. Qg4 Nf4+ 0-1

[Event "Spring Chess Classic 2019"]
[Site "Saint Louis USA"]
[Date "2019.03.02"]
[Round "1"]
[White "Bok, Benjamin"]
[Black "Le, Quang Liem"]
[Result "0-1"]
[WhiteElo "2638"]
[BlackElo "2715"]
[PlyCount "76"]
[EventDate "2019.03.02"]

1. d4 Nf6 2. c4 e6 3. g3 Bb4+ 4. Nd2 d5 5. Bg2 O-O 6. Ngf3 b6 7. O-O Bb7 8. b3
Nbd7 9. Bb2 Ne4 10. Rc1 f5 11. a3 Be7 12. b4 c6 13. Qb3 Kh8 14. Rfd1 Qe8 15.
Ne5 Nxe5 16. dxe5 Rd8 17. cxd5 exd5 18. e3 c5 19. bxc5 Bc6 20. Qa2 bxc5 21. f3
Ng5 22. f4 Ne4 23. Nxe4 fxe4 24. Ba1 Qg6 25. Qe2 Bb7 26. Bf1 Bc8 27. Qg2 h5 28.
Rb1 d4 29. exd4 cxd4 30. Re1 e3 31. Rbc1 d3 32. Rc6 d2 33. Rd1 Qh7 34. Rc7 Rd7
35. Qc6 Rxc7 36. Qxc7 Re8 37. Bb5 Qe4 38. Bxe8 e2 0-1

[Event "Spring Chess Classic 2019"]
[Site "Saint Louis USA"]
[Date "2019.03.02"]
[Round "1"]
[White "Tari, Aryan"]
[Black "Hansen, Eric"]
[Result "1-0"]
[WhiteElo "2613"]
[BlackElo "2612"]
[PlyCount "85"]
[EventDate "2019.03.02"]

1. Nf3 Nf6 2. c4 g6 3. Nc3 d5 4. cxd5 Nxd5 5. e4 Nxc3 6. bxc3 Bg7 7. Ba3 O-O 8.
Be2 b6 9. d4 Bb7 10. Qc2 c5 11. O-O Qc7 12. d5 Nd7 13. Rad1 Rae8 14. Bb5 Rd8
15. Bxd7 Qxd7 16. c4 e6 17. Bb2 f6 18. a4 Rfe8 19. Rfe1 exd5 20. cxd5 Qd6 21.
Nd2 Ba6 22. Nc4 Qf4 23. g3 Qg4 24. f4 Bb7 25. Qb3 h5 26. a5 h4 27. axb6 axb6
28. Nxb6 Ba6 29. d6+ Kh7 30. d7 Re6 31. Na4 c4 32. Qe3 Bf8 33. Nc3 Bb7 34. Nd5
hxg3 35. Nxf6+ Rxf6 36. Bxf6 Bc5 37. Qxc5 gxh2+ 38. Kxh2 Qxf4+ 39. Kg2 Qxf6 40.
Rh1+ Kg7 41. Qd4 Qxd4 42. Rxd4 Kf6 43. Kf3 1-0

[Event "Spring Chess Classic 2019"]
[Site "Saint Louis USA"]
[Date "2019.03.03"]
[Round "2"]
[White "Kasimdzhanov, Rustam"]
[Black "Hansen, Eric"]
[Result "1/2-1/2"]
[WhiteElo "2663"]
[BlackElo "2612"]
[PlyCount "83"]
[EventDate "2019.03.02"]

1. e4 e5 2. Nf3 Nc6 3. Bb5 Nf6 4. O-O Nxe4 5. d4 Nd6 6. Bxc6 dxc6 7. dxe5 Nf5
8. Qxd8+ Kxd8 9. h3 h5 10. Nc3 Ke8 11. Bf4 Be6 12. Rfd1 h4 13. Ng5 Rh6 14. Nxe6
Rxe6 15. Kf1 Be7 16. Ne2 Rd8 17. Rxd8+ Bxd8 18. Rd1 c5 19. c4 Ra6 20. Nc3 c6
21. Ke2 b5 22. cxb5 cxb5 23. a3 Nd4+ 24. Kd3 Rg6 25. g4 hxg3 26. fxg3 a6 27.
Ke4 Re6 28. g4 g5 29. Be3 Bc7 30. Bxd4 cxd4 31. Nd5 Bxe5 32. Kf5 Kd7 33. Kxg5
Kd6 34. Nb4 Rg6+ 35. Kh5 Rg8 36. g5 Ke6 37. Nc6 Rh8+ 38. Kg4 f5+ 39. gxf6 Rg8+
40. Kf3 Bxf6 41. Nxd4+ Kf7 42. Rd3 1/2-1/2